000 00682nam a2200205Ia 4500
003 GCL
008 140319s9999 xx 000 0 ara d
040 _aGCL /
_cGCL
082 0 4 _a575.1
_bل ب
100 1 _aمصطفى ابراهيم فهمى
245 1 0 _aالبيولوجيا كأيدلوجية: عقيدة D N A /
_cمصطفى ابراهيم فهمى
700 1 _aليونتن، ر. س
260 _aالقاهرة :
_bالمكتبة الاكاديمية ،
_c1997
300 _a102 ص ؛
_c27 سم
490 _aكراسات مستقبلية
_v0
650 0 4 _aالوراثة ، علم
650 0 4 _aالبيولوجيا
650 0 4 _aالجينات
942 _2ddc
_cBK
999 _c48229
_d48229